[Event "Olympiad Women-43"]
[Site "Batumi"]
[Date "2018.09.28"]
[Round "5.31"]
[White "Nassr, Lina"]
[Black "Sovietova, Kateryna"]
[Result "1-0"]
[WhiteElo "1854"]
[BlackElo "1353"]
[PlyCount "67"]
[EventDate "2018.09.24"]
[EventType "team-swiss"]
[EventRounds "11"]
[EventCountry "GEO"]
[SourceTitle "EXT 2020"]
[Source "ChessBase"]
[SourceDate "2019.10.17"]
[SourceVersion "1"]
[SourceVersionDate "2019.10.17"]
[SourceQuality "1"]
[WhiteTeam "Algeria (W)"]
[BlackTeam "IPCA (W)"]
[WhiteTeamCountry "ALG"]

1. d4 Nf6 2. Nf3 g6 3. c4 Bg7 4. Nc3 d6 5. e3 0-0 6. Be2 b6 7. 0-0 Bb7 8. Qc2 Nbd7 9. Rd1 Re8 10. b3 c5 11. Bb2 a6 12. d5 Qc7 13. e4 Rad8 14. Re1 e5 15. dxe6 fxe6 16. Bf1 Bc6 17. Rad1 e5 18. Nd5 Nxd5 19. exd5 Bb7 20. Ng5 Rb8 21. Ne6 Qc8 22. Nxg7 Kxg7 23. Be2 Rf8 24. Bg4 Qe8 25. Qd2 Nf6 26. Be6 Bc8 27. f4 Bxe6 28. fxe5 dxe5 29. Rxe5 Nd7 30. Rxe6+ Kg8 31. Rxe8 Rbxe8 32. Qc3 Re7 33. d6 Ref7 34. Qh8# 1-0